Normal view
MARC view
- Asif, Maheen
Entry Personal Name
001 - CONTROL NUMBER
- control field: 125387
003 - CONTROL NUMBER IDENTIFIER
- control field: NUST
005 - DATE AND TIME OF LATEST TRANSACTION
- control field: 20240827120025.0
008 - FIXED-LENGTH DATA ELEMENTS
- fixed length control field: 240827|| aca||aabn | a|a d
040 ## - CATALOGING SOURCE
- Original cataloging agency: NUST
- Transcribing agency: NUST
100 ## - HEADING--PERSONAL NAME
- Personal name: Asif, Maheen
670 ## - SOURCE DATA FOUND
- Source citation: Work cat.: (NUST): Asif, Maheen, Exploring the Role of Social Media Travel Influencers on Gen Z's Tourist Satisfaction: A Study Among Twin City University Students/
